000 00643cam a22001812 4500
001 0000025039
005 20151217160131.0
008 141026s xx 000 0 eng d
020 _a0130624381 :
040 _aKABU
_cKABU
245 1 0 _aPrentice Hall literature :
_btimeless voices, timeless themes /
_cby Kate Kinsella, ... etal.
260 _aUpper Saddle River :
_bPearson Education,
_c2003.
300 _a 1 vol. (various paging) ;
650 0 _aAmerican literature
_xstudy and teaching (secondary)
_xproblems, exercises, etc.
_@0000185422
908 _a141026
950 _@1
999 _c14714
_d14714